| 000 | 00638nam a22002057a 4500 | ||
|---|---|---|---|
| 005 | 20251108165843.0 | ||
| 008 | 250721s1996 xx 000 0 ara d | ||
| 082 | 1 | 4 | _a327.117/جار |
| 100 | 1 | _aجارنم، ديفيد | |
| 245 | 1 | 0 |
_aمستلزمات الردع : _bمفاتيح التحكم بسلوك الخصم / |
| 250 | _aط.2. | ||
| 264 | 1 |
_aأبوطبي : _bمركز الامارات، _c1996. |
|
| 300 | _a64ص. | ||
| 490 | 0 |
_aدراسات إستراتيجية _v2 |
|
| 650 | 1 | 7 | _aالسياسة الدولية |
| 650 | 1 | 7 | _aالعلاقات الدولية |
| 650 | 1 | 7 | _aالقوة |
| 942 |
_2ddc _cBK |
||
| 999 |
_c33007 _d33007 |
||